Pána Opáta Petra Metastasio Cisarsko-králowského Weršovňíka Duchowné Diwadlo
| Main Author: | |
|---|---|
| Other Authors: | , |
| Format: | Book |
| Language: | Slovak German Italian |
| PhysicalDescription: | 190 s. 18 cm |
| Published: |
W Trnawe
Witlačené u Wáclawa Gelinka
Roku 1801
|
| Edition: | 1. vyd. |
| Subjects: |
MARC
| LEADER | 00000cam a2200000 a 4500 | ||
|---|---|---|---|
| 001 | vtls001486740 | ||
| 003 | SK-MaSNL | ||
| 005 | 20260301122347.0 | ||
| 008 | 251112s1801 xo 00001 slo | ||
| 035 | |a SNK000442032 | ||
| 035 | |a urn:nbn:sk:snk-amtioo | ||
| 035 | |a urn:nbn:sk:snk-am00c4bx | ||
| 035 | |a 25D6BD37-CA59-4060-A2FE-CF57490F34F3 | ||
| 040 | |a SNK |b slo |c SNK |e AACR2 | ||
| 041 | 1 | |a slo |h ger |h ita | |
| 044 | |a xo |c SK | ||
| 080 | |a 2-292 |2 2001 | ||
| 100 | 1 | |a Metastasio, Pietro, |d 1698-1782 |4 aut |9 467803 | |
| 245 | 1 | 0 | |a Pána Opáta Petra Metastasio Cisarsko-králowského Weršovňíka Duchowné Diwadlo |c predtim z wlaskég Reči na nemecku, wčil na slowenskí Gazik preložené skrz G. P. |
| 246 | 3 | 0 | |a Duchovné divadlo |
| 250 | |a 1. vyd. | ||
| 260 | |a W Trnawe |b Witlačené u Wáclawa Gelinka |c Roku 1801 | ||
| 300 | |a 190 s. |c 18 cm | ||
| 546 | |a Slovenčina |b Fraktúra | ||
| 561 | |a Okrúhla pečiatka: Dar Martina Hamuljaka Matici slovenskej |5 SNK SD 14816 D2 | ||
| 561 | |a Okrúhla pečiatka: Nyitra Vármegyei Muzeum 1900 |5 SNK SD 14816 D2 | ||
| 561 | |a Okrúhla pečiatka: Knižnica Matice slovenskej |5 SNK SD 14816 D2 | ||
| 650 | 0 | 7 | |a náboženská literatúra |2 snkph |9 1487 |
| 700 | 1 | |a Hamuljak, Martin, |d 1789-1859 |4 fmo |9 79936 | |
| 700 | 1 | |a Jelínek, Václav, |d 1731-1823 |4 prt |9 158461 | |
| 700 | 1 | |a G. P. |4 trl |9 467804 | |
| 752 | |a Slovensko |d Trnava | ||
| 852 | |a snk |b Historické fondy |p SD 14816 D2 | ||
| 958 | |a ONDV | ||
| 999 | |c 732613 |d 734543 | ||
| 952 | |a SNK |b SNK |y PREZ |7 0 |p 17A0500333 |o snkSD 14816 D3 |i snkF 59/64 |z R. 1801 |0 0 |1 0 |4 0 |d 2006-03-09 |l 0 |r 2026-02-23 22:34:21 |w 2026-02-23 | ||
| 952 | |a SNK |b SNK |y PREZ |7 0 |p 17A0527084 |o snkSD 14816 |i snk1409/58 |3 rekatalogizácia |0 0 |1 0 |4 0 |d 2006-10-23 |l 0 |r 2025-11-28 00:00:00 |w 2026-02-23 | ||
| 952 | |a SNK |b SNK |y PREZ |7 0 |p 17A0452829 |o snkSD 14816 D1 |i snkKSF 2291/59 |z R. 1801 - prezenčne knihy |0 0 |1 0 |4 0 |d 2004-12-07 |l 0 |r 2005-01-02 00:00:00 |w 2026-02-23 | ||
| 952 | |t HAM 519 |a SNK |b SNK |c SNK_HF |y PREZ |7 0 |p 17A1132742 |o snkSD 14816 D2 |i snk1056/31 |8 5 |0 0 |1 0 |4 0 |d 2014-12-05 |f 1 |l 0 |r 2026-02-23 22:34:21 |w 2026-02-23 | ||


